000 00610nam a2200169Ia 4500
003 IN-BaIIA
008 211028s9999 xx s 000 0 eng d
020 _a9780819437556 (Print)
040 _cIIA Library
100 _aYin, Shizhuo, ed.
_932068
245 0 _aPhotorefractive Fiber and Crystal Devices: Materials, Optical Properties, and Applications VI
_h[eBook]
260 _aWashington, USA
_bSPIE
_c2000
300 _aOnline resource
490 _aProceedings of SPIE; V. 4110
856 _uhttps://www.spiedigitallibrary.org/conference-proceedings-of-spie/4110
_yClick Here to Access eBook
942 _cEB
999 _c31086
_d31086